Riconosci il Pokémon - Quiz n°20 - Statistics

Statistiche generali
  • Questo quiz è stato fatto 12 volte
  • Il punteggio medio è 8 su 10
Statistiche sulle risposte
Indizio Risposta % Corretto
Tipo Coleottero / Veleno
100%
Generazione Seconda
100%
Stadio evoluzione Forma Base
92%
Peso 8,5 kg
83%
Abilità Aiutinsetto; Insonnia; Cecchino
83%
Altezza 0,5 m
75%
Sesso 50% ♂, 50% ♀
75%
Tasso di cattura 255 (43.9%)
67%
Pokémon Spinarak
67%
Tasso di allevamento Veloce
67%
Nessun quiz corrispondente trovato
Distribuzione punteggi
Percentuale di utenti per punteggio
Percentile per numero di risposta
I tuoi punteggi nel tempo
Non hai fatto questo quiz